Despido colectivo y concurso de acreedores

Na minha lista:
Detalhes bibliográficos
Autor principal: Ríos Mestre, José María (Autor)
Formato: Livro
Idioma:espanhol
Publicado em: Pamplona Aranzadi S. A 2012
Edição:1a. ed
Assuntos:
Tags: Adicionar Tag
Sem tags, seja o primeiro a adicionar uma tag!

MARC

LEADER 00000cam a2200000 a 4500
001 UCF8208
003 CL-VaPUC
008 130802e20120000sp |||||||||||||||||spa|d
020 |a 9788447038824 
082 0 4 |a 344.018  |b RIO  |2 21 
100 0 |a Ríos Mestre, José María  |e author  |9 570303 
245 1 0 |a Despido colectivo y concurso de acreedores 
250 |a 1a. ed 
300 |a 741 p 
942 |c BK 
945 |d 20130802 12:08:00  |a dcastane 
260 |a Pamplona  |b Aranzadi S. A  |c 2012 
650 7 |a DESPIDO COLECTIVO  |2 CL-VaPUC  |9 570304 
650 0 |a Despido de empleados   |9 254967 
650 0 |a Contratos de trabajo  |9 254966 
583 |a last modification  |c 20130802 12:08:00  |k Rodrigo Vera 
999 |c 352843  |d 352841 
952 |0 0  |1 0  |4 0  |6 344_018000000000000_RIO_2012  |7 0  |8 A  |9 457559  |a BIBDER  |b BIBDER  |d 2019-11-22  |i 4994337  |l 1  |o 344.018 RIO 2012  |p 4994337  |r 2023-01-25  |s 2022-10-07  |w 2019-11-22  |y BK  |k DER